000 00604nam a22001697a 4500
003 OSt
005 20171010095530.0
008 121005t xxu||||| |||| 00| 0 eng d
040 _aMMSU
_cULS
100 _aConstantino, Jemuell, et al.
_913139
245 _aDisaster preparedness through short messaging system
_cJemuell Constantino, et al.
260 _c2008
300 _aviii, [121] leaves
_c28 cm.
500 _aThesis (BS Electronics & Communications Engineering) -- Mariano Marcos State University-College of Engineering, Batac City
504 _aBibliography: leaf 28
942 _2ddc
_cTHEDIS
999 _c9816
_d9816